| 000 | 04963cam a22004337i 4500 | ||
|---|---|---|---|
| 001 | data | ||
| 005 | 20260322212114.0 | ||
| 008 | data | ||
| 035 | _a19264115 | ||
| 906 |
_a7 _bcbc _ccopycat _d2 _encip _f20 _gy-gencatlg |
||
| 925 | 0 |
_aacquire _b1 shelf copy _xpolicy default |
|
| 010 | _a 2016953239 | ||
| 020 |
_a9781786300539 _qpaperback |
||
| 020 |
_a1786300532 _qpaperback |
||
| 035 | _a(OCoLC)951762956 | ||
| 040 |
_aBTCTA _beng _cBTCTA _erda _dDLC _dBDX _dOCLCF _dCSAIL _dDLC |
||
| 042 | _alccopycat | ||
| 050 | 0 | 0 |
_aHB615 _b.B672 2016 |
| 082 | 0 | 4 |
_a658.4/21 _223 |
| 100 | 1 |
_aBoutillier, Sophie, _eauthor. |
|
| 245 | 1 | 4 |
_aThe Entrepreneur : _bthe economic function of free enterprise / _cSophie Boutillier, Dimitri Uzunidis. |
| 264 | 1 |
_aHoboken, NJ : _aHoboken, NJ : _bWiley/ ISTE Ltd, _c2016 |
|
| 300 |
_axvi, 124 pages : _billustration ; _c24 cm. |
||
| 336 |
_atext _btxt _2rdacontent |
||
| 337 |
_aunmediated _bn _2rdamedia |
||
| 338 |
_avolume _bnc _2rdacarrier |
||
| 490 | 1 |
_aSmart innovation set ; _vvolume 8 |
|
| 490 | 1 | _aInnovation, Entrepreneurship, Management Series | |
| 504 | _aIncludes bibliographical references (pages 111-122) and index.and index. | ||
| 505 | 0 | 0 |
_aMachine generated contents note: _g5.4. _tOverall picture of the theory of the entrepreneur. _g1.1. _tEtymological and conceptual bases of the entrepreneur -- _g1.2. _tThe gradual recognition of the role of entrepreneurship -- _g1.3. _tFrom a society of salary-earners to one of entrepreneurs? -- _g1.4. _tCurrent definitions of entrepreneurship, or the institutional recognition of the entrepreneur -- _g1.5. _tThe plural entrepreneur -- _gch. 2 _tQuantifying Entrepreneurship, Understanding the Entrepreneurial Role -- _g2.1. _tBasic principles: the OECD's model -- _g2.2. _tThe main entrepreneurship indicators -- _g2.2.1. _tEurostat indicators -- _g2.2.2. _tOECD and Eurostat indicators -- _g2.2.3. _tGlobal Entrepreneurship Monitor indicators -- _g2.2.4. _tWorld Bank indicators and the business climate -- _g2.2.5. _tThe official quantification of business creation in France: the Business Creation Observatory -- _g2.3. _tThe European Union's inclusive policy to promote entrepreneurship -- _g2.4. _tSupporting entrepreneurship in developing countries: the ambitions of the United Nations (UN) and the United States -- _gch. 3 _tClassical Economics of the Entrepreneur -- _g3.1. _tRichard Cantillon: an economic agent with uncertain income -- _g3.2. _tAnne Robert Jacques Turgot: the "progress" of the capitalist entrepreneur -- _g3.3. _tFrancois Quesnay, the manufacturing and commercial entrepreneur belongs to the sterile class -- _g3.4. _tPietro Verri and Cesare Beccaria, the inspiration for Jean-Baptiste Say? -- _g3.5. _tAdam Smith: sympathy for initiative, but distrust of project creators -- _g3.6. _tJean-Baptiste Say: intermediary between scholar and laborer -- _g3.7. _tKarl Marx, entrepreneur or officer of capital -- _g3.8. _tJean-Gustave Courcelle Seneuil, economist-entrepreneur or entrepreneur-economist? -- _g3.9. _tThe marginalists' faux pas or Leon Walrus's ghost entrepreneur -- _g3.10. _tAlfred Marshall, division of industry into entrepreneurial and managerial businesses -- _g3.11. _tWerner Sombart and Mux Weber, the entrepreneur or the spirit of capitalism -- _g3.12. _tJoseph A. Schumpeter: the entrepreneur's "new combinations of production factors" -- _g3.13. _tJohn Maynard Keynes: the animal spirit of the entrepreneur -- _g3.14. _tFrom uncertainty to ignorance: Ludwig von Mises, Franck Knight and Friedrich Hayek -- _g3.15. _tCreating or detecting opportunities? -- _gch. 4 _tContemporary Theories of the Entrepreneur -- _g4.1. _tFrom entrepreneur to industrial economy -- _g4.2. _tRonald Coase, or the entrepreneur on the frontier of industrial economics -- _g4.3. _tWilliam Baumol, the entrepreneur and the Prince of Denmark -- _g4.4. _tMark Casson: entrepreneurship -- an alternative to employment? -- _g4.5. _tScott Shane or the genetic theory of the entrepreneur -- _g4.6. _tEntrepreneur, innovation, territory and social networks -- _g4.7. _tMark Granovetter -- from social integration to weighted networks -- _g4.8. _tTowards an evolutionist theory of the entrepreneur, or the heterogeneity of entrepreneurship -- _gch. 5 _tTowards a Socioeconomics of the Entrepreneur: An Overview -- _g5.1. _tThe 13 keywords of the economics of the entrepreneur -- _g5.2. _tOn the entrepreneur's personality: the player and the system -- _g5.3. _tResource potential and the social integration of the entrepreneur -- _g5.4. _tOverall picture of the theory of the entrepreneur. |
| 650 | 0 | _aEntrepreneurship. | |
| 650 | 7 |
_aEntrepreneurship. _2fast _0(OCoLC)fst00912787 |
|
| 700 | 1 |
_aUzunidis, Dimitri, _eauthor. |
|
| 830 | 0 |
_aSmart innovation (Series) ; _vvolume 8. |
|
| 830 | 0 | _aInnovation, entrepreneurship and management series. | |
| 963 | _aFiona Middleton; phone: (201) 7486329; email: [email protected]; bc: [email protected] | ||
| 999 |
_c1712 _d1712 |
||